Statistics for European Geography By Letter - P #2

Click here to take the quiz!

General Stats

  • This quiz has been taken 1,370 times
  • The average score is 9 of 16

Answer Stats

ClueAnswer% Correct
Located in the Vatican, it's the largest church of the worldSaint {Peter}'s Basilica
95%
Portugal's second largest cityPorto
89%
London's most well-known cathedralSaint {Paul}'s
89%
Spanish term for a city squarePlaza
84%
Capital of KosovoPristina
77%
City in Belarus whose name is extremely similar to the country's capitalPinsk
73%
Capital of MontenegroPodgorica
73%
Northern Italian city that gives its name to a type of ham and a type of hard cheeseParma
66%
Style of beer named for the Czech city of PlzeňPilsner
64%
Peninsula on which the town of Sparta is locatedPeloponnese
40%
Region whose capital is TurinPiedmont
36%
One of the Seven Hills of RomePalatine
33%
City of about 1,000,000 on the eastern slope of the Ural mountainsPerm
27%
Southernmost city on the French mainlandPerpignan
25%
Greek island where John had his vision of the ApocalypsePatmos
15%
Greek mountain that towers over Delphi and was home to the MusesMount Parnassus
11%

Score Distribution

Percentile by Number Answered

Percent of People with Each Score

Your Score History

You have not taken this quiz